<?xml version="1.0" encoding="UTF-8"?>
<record
    xmlns:xsi="http://www.w3.org/2001/XMLSchema-instance"
    xsi:schemaLocation="http://www.loc.gov/MARC21/slim http://www.loc.gov/standards/marcxml/schema/MARC21slim.xsd"
    xmlns="http://www.loc.gov/MARC21/slim">

  <leader>00794nam a22002297a 4500</leader>
  <controlfield tag="003">BI-BuBU</controlfield>
  <controlfield tag="008">091103t        fr ||||| |||| 00| 0 fre d</controlfield>
  <datafield tag="020" ind1=" " ind2=" ">
    <subfield code="a">727226404</subfield>
  </datafield>
  <datafield tag="020" ind1=" " ind2=" ">
    <subfield code="a">802718738</subfield>
  </datafield>
  <datafield tag="039" ind1=" " ind2=" ">
    <subfield code="a">gns</subfield>
  </datafield>
  <datafield tag="040" ind1=" " ind2=" ">
    <subfield code="a">BI-BuBU</subfield>
    <subfield code="b">fre</subfield>
    <subfield code="c">BI-BuBU</subfield>
  </datafield>
  <datafield tag="080" ind1=" " ind2=" ">
    <subfield code="a">338.988.HAA</subfield>
  </datafield>
  <datafield tag="100" ind1="0" ind2="1">
    <subfield code="4">aut</subfield>
    <subfield code="a">haas, Josiane</subfield>
    <subfield code="9">2444</subfield>
  </datafield>
  <datafield tag="245" ind1="1" ind2="3">
    <subfield code="a">La responsabilit&#xE9; de l'entreprise en europe</subfield>
    <subfield code="b">un droit unique pour le march&#xE9; unique</subfield>
    <subfield code="c">Josiane Haas</subfield>
  </datafield>
  <datafield tag="260" ind1=" " ind2=" ">
    <subfield code="a">Berne ;Stoempli; Bruxelles</subfield>
    <subfield code="b">Bruylant</subfield>
    <subfield code="c">cop.2004</subfield>
  </datafield>
  <datafield tag="300" ind1=" " ind2=" ">
    <subfield code="a">L - 306 p.</subfield>
    <subfield code="b">couv.en coul.</subfield>
    <subfield code="c">23 cm</subfield>
  </datafield>
  <datafield tag="440" ind1=" " ind2=" ">
    <subfield code="a">Droit priv&#xE9; europ&#xE9;en</subfield>
    <subfield code="v">22</subfield>
    <subfield code="9">2445</subfield>
  </datafield>
  <datafield tag="650" ind1=" " ind2=" ">
    <subfield code="2">Entreprise. Responsabilit&#xE9;. Europe</subfield>
    <subfield code="9">2446</subfield>
  </datafield>
  <datafield tag="942" ind1=" " ind2=" ">
    <subfield code="2">udc</subfield>
    <subfield code="c">BK</subfield>
  </datafield>
  <datafield tag="999" ind1=" " ind2=" ">
    <subfield code="c">549</subfield>
    <subfield code="d">549</subfield>
  </datafield>
  <datafield tag="952" ind1=" " ind2=" ">
    <subfield code="0">0</subfield>
    <subfield code="1">0</subfield>
    <subfield code="2">udc</subfield>
    <subfield code="4">0</subfield>
    <subfield code="7">0</subfield>
    <subfield code="9">424</subfield>
    <subfield code="a">BC</subfield>
    <subfield code="b">BC</subfield>
    <subfield code="d">2009-11-03</subfield>
    <subfield code="e">don</subfield>
    <subfield code="l">0</subfield>
    <subfield code="o">338.988.HAA</subfield>
    <subfield code="p">5010000026837</subfield>
    <subfield code="r">2009-11-03</subfield>
    <subfield code="t">1</subfield>
    <subfield code="w">2009-11-03</subfield>
  </datafield>
</record>
